| 000 | 00598nam a22002177a 4500 | ||
|---|---|---|---|
| 005 | 20170124110056.0 | ||
| 010 | _aA-028653 | ||
| 020 | _c00.00 | ||
| 035 | _aA-028653 | ||
| 037 | _bCen Lib/Ret | ||
| 040 |
_aDPL _bEN |
||
| 082 |
_a615.85 _bMOD |
||
| 100 |
_aModi, Vithaldas _926531 |
||
| 245 |
_aNature cure for common diseases / _cby Vithaldas Modi |
||
| 260 |
_aNew Delhi _bVision Books _c1980 |
||
| 270 |
_bNew Delhi _aG.T. road Shahdra _e110032 |
||
| 300 |
_a192p. _c17m(Hb) |
||
| 650 |
_aDiseases _914215 |
||
| 650 |
_aCure _926532 |
||
| 942 |
_2ddc _cEN _h615.85 _mMOD |
||
| 999 |
_c129494 _d129494 |
||